00410nam a2200181Ia 4500008004100000020001800041050001400059100002100073245001700094245002400111260001500135260001600150260000900166300001500175300002000190300001000210500000800220170918s9999 xx 000 0 und d a9780545152990 bC626 2002 aClements, Andrew 4aThe jacket / cby Andrew Clements. aNew York : bScholastic, c2002 a92 pages : billustrations ; c19cm. a640